[Event "38th Olympiad"]
[Site "Dresden GER"]
[Date "2008.11.23"]
[Round "10"]
[White "Saric,Ib"]
[Black "Al Sayed,Mohamad"]
[Result "1/2-1/2"]
[WhiteElo "2559"]
[BlackElo "2477"]
[EventDate "2008.11.13"]

1. Nf3 d5 2. d4 Nf6 3. c4 c6 4. e3 Bf5 5. Nc3 e6 6. Nh4 Bg6 7. Bd2 Nbd7 8.
Nxg6 hxg6 9. Qc2 Bd6 10. h3 a6 11. cxd5 cxd5 12. Bd3 Rc8 13. O-O g5 14. e4
dxe4 15. Bxe4 g4 16. Bxb7 Rc7 17. Be4 Nxe4 18. Qxe4 Nf6 19. Qd3 gxh3 20.
gxh3 Rc5 21. Kg2 Rch5 22. Rh1 Qb6 23. Rae1 Nd5 24. Re4 Qb7 25. f3 Qxb2 26.
Rb1 Rxh3 27. Rxe6+ fxe6 28. Qg6+ Kf8 29. Rxb2 Rh1 30. f4 R8h2+ 31. Kf3 Nxf4
32. Bxf4 Rf1+ 33. Ke4 Rxf4+ 34. Ke3 Rh3+ 35. Kd2 Rxd4+ 36. Ke2 Rxc3 37. Rb7
Bc7 38. Qxe6 Rc5 39. Qb3 Rd7 40. Qa3 Re7+ 41. Kd3 Rc6 42. Qb4 g6 43. Ra7
Rd6+ 44. Kc2 Rc6+ 45. Kd3 Kf7 46. Qg4 Rce6 47. Qc4 Bg3 48. Rxe7+ Kxe7 49.
Qg4 Be5 50. Ke4 1/2-1/2

[Event "38th Olympiad"]
[Site "Dresden GER"]
[Date "2008.11.23"]
[Round "10"]
[White "Nezad,H"]
[Black "Stojanovic,Da"]
[Result "1/2-1/2"]
[WhiteElo "2401"]
[BlackElo "2455"]
[EventDate "2008.11.13"]

1. e4 e5 2. Nf3 Nc6 3. Bb5 a6 4. Ba4 Nf6 5. d3 b5 6. Bb3 Be7 7. O-O d6 8.
a4 Bg4 9. c3 Na5 10. Ba2 c5 11. Bg5 O-O 12. Nbd2 b4 13. h3 bxc3 14. bxc3
Be6 15. Bxe6 fxe6 16. d4 exd4 17. cxd4 Nd7 18. Be3 c4 19. d5 exd5 20. exd5
Bf6 21. Rc1 Rc8 22. Qe2 c3 23. Ne4 Nb3 24. Rc2 Ndc5 25. Bxc5 Nxc5 26. Nxc3
Re8 27. Qd1 Qa5 28. Nd4 Nxa4 29. Ne4 Bxd4 30. Rxc8 Rxc8 31. Qxd4 Nc3 32.
Nf6+ Kh8 33. Qg4 Rf8 34. Ne4 Nxe4 35. Qxe4 Qc5 36. Qe7 Kg8 37. Qe6+ Kh8 38.
Qe7 Kg8 39. Qe6+ Kh8 1/2-1/2

[Event "38th Olympiad"]
[Site "Dresden GER"]
[Date "2008.11.23"]
[Round "10"]
[White "Bogut,Z"]
[Black "Al Hitmi,M"]
[Result "1-0"]
[WhiteElo "2464"]
[BlackElo "2161"]
[EventDate "2008.11.13"]

1. e4 c5 2. Nf3 e6 3. c3 d5 4. exd5 Qxd5 5. d4 Nf6 6. Be2 Be7 7. O-O cxd4
8. cxd4 O-O 9. Nc3 Qd6 10. Nb5 Qd8 11. Bf4 Nd5 12. Bxb8 Rxb8 13. Nxa7 Qa5
14. Nxc8 Rbxc8 15. Qb3 Rc7 16. Rfc1 Rfc8 17. Rxc7 Qxc7 18. g3 Bf6 19. Rd1
b6 20. Ba6 Rd8 21. Bc4 g6 22. Bxd5 Rxd5 23. Rd3 Qd8 24. Rd2 Kg7 25. Qe3 h5
26. h4 b5 27. a3 Qd6 28. Qc3 Qd7 29. b4 Kg8 30. Kg2 Qd8 31. Qc6 Kg7 32. Re2
Rf5 33. Re4 Qb8 34. Re3 Qd8 35. Qe4 Rd5 36. Rc3 Bxd4 37. Nxd4 Rxd4 38. Qe5+
Qf6 39. Qxb5 Rd5 40. Qc4 Rd4 41. Qc6 Rd5 42. Rf3 Rf5 43. b5 Rxf3 44. Qxf3
Qb2 45. a4 Qb4 46. Qf4 Qc5 47. Qe4 e5 48. Qc6 Qd4 49. b6 e4 50. b7 Qd3 51.
b8=Q Qf3+ 52. Kg1 1-0

[Event "38th Olympiad"]
[Site "Dresden GER"]
[Date "2008.11.23"]
[Round "10"]
[White "Lima,Da"]
[Black "Zhao Zong Yuan"]
[Result "0-1"]
[WhiteElo "2488"]
[BlackElo "2567"]
[EventDate "2008.11.13"]

1. e4 c5 2. Nf3 d6 3. c3 Nf6 4. Be2 Bd7 5. d3 Bc6 6. O-O Nbd7 7. b4 e6 8.
Bb2 a5 9. bxc5 Nxc5 10. Nd4 Ba4 11. Qd2 e5 12. Nf5 g6 13. Ne3 b5 14. c4 b4
15. f4 Bh6 16. g4 Bxf4 17. Rxf4 exf4 18. g5 Nfxe4 19. dxe4 fxe3 20. Qxe3
O-O 21. Nd2 Rc8 22. Bg4 Nd7 23. Bxd7 Bxd7 24. Qf4 Qe7 25. Qh4 h5 26. Rf1
Qe6 27. Rf4 Rc5 28. Bf6 a4 29. Qe1 Rb8 30. h4 Re5 31. Qa1 Re8 32. Qb2 Qh3
33. Nf1 Bc6 34. Bxe5 dxe5 0-1

[Event "38th Olympiad"]
[Site "Dresden GER"]
[Date "2008.11.23"]
[Round "10"]
[White "Valdes,Le"]
[Black "Naumann,A"]
[Result "1-0"]
[WhiteElo "2401"]
[BlackElo "2518"]
[EventDate "2008.11.13"]

1. Nf3 Nf6 2. c4 e6 3. g3 d5 4. b3 Be7 5. Bb2 O-O 6. Bg2 c5 7. O-O Nc6 8.
e3 b6 9. Nc3 Bb7 10. cxd5 Nxd5 11. Nxd5 exd5 12. d4 Ba6 13. Re1 Bf6 14. Qd2
Rc8 15. dxc5 Bxb2 16. Qxb2 Nb4 17. Red1 bxc5 18. Ne1 Bb7 19. Rac1 Qg5 20.
a3 Na6 21. Nd3 Rfd8 22. Nf4 Rd6 23. h4 Qd8 24. Qe5 f6 25. Qf5 g6 26. Qd3
Rc7 27. Nxd5 Bxd5 28. Bxd5+ Kg7 29. Qc4 Nb8 30. Bf3 Rxd1+ 31. Rxd1 Qe7 32.
h5 gxh5 33. Bxh5 Nd7 34. Qg4+ Kf8 35. Qf4 Ne5 36. Qh6+ Kg8 37. Be2 Rd7 38.
Rxd7 Nxd7 39. Bc4+ Kh8 40. Qh3 Ne5 41. Qc8+ Kg7 42. Qg8+ Kh6 43. Qd5 Nxc4
44. Qxc4 Kg7 45. Qg4+ Kh6 46. Qf3 Kg6 47. a4 Qd7 48. Qe4+ Kg7 49. Qc4 Qd6
50. a5 Qd1+ 51. Kg2 Qd6 52. Qg4+ Kf7 53. Qe4 Kg7 54. Qb7+ Kh6 55. Qf7 Qc6+
56. Kg1 Qd6 57. Kh2 a6 58. f4 Qd2+ 59. Kh3 Qc3 60. Kg4 1-0

[Event "38th Olympiad"]
[Site "Dresden GER"]
[Date "2008.11.23"]
[Round "10"]
[White "Nyback,T"]
[Black "Salem,AR"]
[Result "1-0"]
[WhiteElo "2634"]
[BlackElo "2476"]
[EventDate "2008.11.13"]

1. Nf3 d5 2. d4 Nf6 3. c4 c6 4. e3 e6 5. Bd3 Nbd7 6. O-O Bd6 7. Nbd2 O-O 8.
e4 e5 9. cxd5 cxd5 10. exd5 exd4 11. Ne4 Nxe4 12. Bxe4 Nc5 13. Bb1 Bg4 14.
Qxd4 Bxf3 15. gxf3 f5 16. Kh1 Qe7 17. Bc2 Qe2 18. Qd1 Qc4 19. Rg1 Rae8 20.
Be3 Re7 21. Rc1 Qh4 22. Rg2 b6 23. Bg5 Qh5 24. Bxe7 Bxe7 25. d6 Bf6 26.
Qd5+ Kh8 27. b4 1-0

[Event "38th Olympiad"]
[Site "Dresden GER"]
[Date "2008.11.23"]
[Round "10"]
[White "Ali,Ab"]
[Black "Agopov,M"]
[Result "0-1"]
[WhiteElo "2130"]
[BlackElo "2449"]
[EventDate "2008.11.13"]

1. d4 Nf6 2. c4 g6 3. Nc3 d5 4. Bg5 Ne4 5. Bh4 Nxc3 6. bxc3 Bg7 7. cxd5
Qxd5 8. e3 c5 9. Qf3 Qd7 10. Bc4 O-O 11. Ne2 Nc6 12. O-O e6 13. Rfd1 cxd4
14. cxd4 b6 15. Bb5 Bb7 16. Rac1 Rac8 17. e4 Qd6 18. Bg3 Qb4 19. Rb1 Qa5
20. d5 exd5 21. exd5 Nb4 22. Bd6 Rfd8 23. Bxb4 Qxb5 24. Nc3 Qc4 25. Qd3
Bxc3 26. Qxc4 Rxc4 27. Rbc1 0-1

[Event "38th Olympiad"]
[Site "Dresden GER"]
[Date "2008.11.23"]
[Round "10"]
[White "AlHuwar,J"]
[Black "Karttunen,M"]
[Result "0-1"]
[WhiteElo "2230"]
[BlackElo "2411"]
[EventDate "2008.11.13"]

1. Nf3 Nf6 2. g3 g6 3. b3 Bg7 4. Bb2 d5 5. c4 c6 6. Bg2 Bg4 7. O-O O-O 8.
d3 Bxf3 9. Bxf3 Re8 10. Qc2 e5 11. Nd2 Nbd7 12. b4 a6 13. Rfc1 h5 14. e4
dxe4 15. dxe4 c5 16. a3 a5 17. bxa5 Qxa5 18. Bc3 Qc7 19. Nf1 Bh6 20. Rcb1
Nb6 21. Be1 Nc8 22. a4 Ne7 23. Qb2 Nc6 24. Qxb7 Qxb7 25. Rxb7 Nd4 26. Bd1
Nxe4 27. Ne3 Bxe3 28. fxe3 Nf5 29. Rc7 Nxe3 30. Bf3 f5 31. Bxe4 fxe4 32.
Rxc5 Nc2 33. Rc1 Nd4 34. Rb1 Rxa4 35. Rc7 e3 36. Rb6 Ne6 37. Rcc6 Kf7 38.
Rb3 e2 39. Rf3+ Ke7 40. Re3 Kd7 41. Rb6 Nd4 42. c5 Rf8 43. Kg2 Ra1 44. Rxe5
Nf3 45. Rd6+ Kc8 46. Rc6+ Kb7 47. Rb6+ Ka8 48. Rxe2 Nxe1+ 49. Kh3 Nf3 50.
Reb2 g5 51. c6 g4+ 52. Kg2 Ne1+ 53. Kg1 Nc2+ 54. Rb1 Rxb1+ 55. Rxb1 Nd4 56.
c7 Rc8 57. Ra1+ Kb7 58. Ra5 Nf3+ 59. Kf2 Rxc7 60. Rxh5 Rc2+ 61. Ke3 Nxh2
62. Rh6 Nf1+ 63. Ke4 Rc4+ 64. Kd5 Ra4 65. Rh1 Nxg3 66. Rg1 Ne2 67. Rb1+ Kc7
0-1

[Event "38th Olympiad"]
[Site "Dresden GER"]
[Date "2008.11.23"]
[Round "10"]
[White "Flores,Di"]
[Black "Kristjansson,St"]
[Result "1-0"]
[WhiteElo "2569"]
[BlackElo "2474"]
[EventDate "2008.11.13"]

1. Nf3 Nf6 2. c4 g6 3. b4 Bg7 4. Bb2 c6 5. e3 d5 6. d4 a5 7. b5 cxb5 8.
cxb5 a4 9. Nbd2 O-O 10. Be2 Bg4 11. O-O Nbd7 12. Rc1 Qb8 13. h3 Bxf3 14.
Nxf3 Rc8 15. Qd3 e6 16. Rxc8+ Qxc8 17. Rc1 Qd8 18. Qc2 Bf8 19. Qc7 a3 20.
Qxd8 Rxd8 21. Ba1 Bd6 22. Ne5 Kf8 23. f3 Ke7 24. Kf2 h5 25. h4 Nb6 26. Nd3
Nfd7 27. e4 Ke8 28. e5 Be7 29. g3 Rc8 30. Rxc8+ Nxc8 31. Bc3 Ndb6 32. Nc5
Na7 33. Nxb7 Nc4 34. b6 Nxb6 35. Na5 Na4 36. Be1 Kd7 37. Ke3 Kc7 38. g4
hxg4 39. fxg4 Kb6 40. h5 Nb5 41. Bxb5 Kxb5 42. Nb7 gxh5 43. gxh5 Nb6 44.
Kf4 Nd7 45. Nd6+ Bxd6 46. exd6 f6 47. h6 Nf8 48. h7 Kc6 49. h8=N Kb5 50.
Ke3 Kc4 51. Ng6 Nd7 52. Nf4 e5 53. Ne6 exd4+ 54. Nxd4 Kc5 55. Nf5 Ne5 56.
Bc3 Nc4+ 57. Kd3 Nxd6 58. Bb4+ Kxb4 59. Nxd6 Kc5 60. Nf5 Kb4 61. Kd4 Kb5
62. Ne7 Ka4 63. Nxd5 f5 64. Ke5 Kb5 65. Kxf5 1-0

[Event "38th Olympiad"]
[Site "Dresden GER"]
[Date "2008.11.23"]
[Round "10"]
[White "Braun,A"]
[Black "Dias,P"]
[Result "1/2-1/2"]
[WhiteElo "2567"]
[BlackElo "2406"]
[EventDate "2008.11.13"]

1. d4 Nf6 2. c4 e6 3. Nc3 Bb4 4. Qc2 O-O 5. a3 Bxc3+ 6. Qxc3 b6 7. Bg5 Bb7
8. f3 h6 9. Bh4 d5 10. e3 Nbd7 11. Nh3 Rc8 12. c5 bxc5 13. dxc5 c6 14. Bg3
Ra8 15. Rc1 Re8 16. Bd3 e5 17. O-O a5 18. Rfe1 Ba6 19. Bb1 a4 20. e4 d4 21.
Qc2 Qa5 22. Red1 Qb5 23. Nf2 Nh5 24. Nd3 Nxg3 25. hxg3 Qb7 26. Nb4 Bb5 27.
f4 Qc7 28. Qf2 Nf6 29. Qf3 Rad8 30. Rd2 Qe7 31. Bd3 Qb7 32. Bxb5 Qxb5 33.
Nd3 exf4 34. e5 Nd5 35. gxf4 Ne3 36. f5 Nc4 37. Re2 Ne3 38. Rd2 Nc4 39. Re2
Ne3 40. Rd2 Rd5 41. f6 1/2-1/2

[Event "38th Olympiad"]
[Site "Dresden GER"]
[Date "2008.11.23"]
[Round "10"]
[White "Djukic,Ni"]
[Black "Georgiev,Vl"]
[Result "1/2-1/2"]
[WhiteElo "2519"]
[BlackElo "2517"]
[EventDate "2008.11.13"]

1. Nf3 Nf6 2. g3 g6 3. Bg2 Bg7 4. O-O O-O 5. d3 d6 6. e4 c5 7. Re1 Nc6 8.
c3 Bg4 9. h3 Bxf3 10. Qxf3 Rc8 11. Na3 Nd7 12. Qe2 a6 13. h4 b5 14. Bd2 Nb6
15. Nc2 b4 16. cxb4 cxb4 17. Rab1 a5 18. Be3 d5 19. Bxb6 Qxb6 20. exd5 Nd4
21. Nxd4 Bxd4 22. Rbc1 b3 23. Rxc8 Rxc8 24. axb3 Bf6 25. h5 Qxb3 26. d6
exd6 27. h6 Kf8 28. Bh3 Rd8 29. Bd7 Qb8 30. Bc6 Bg5 31. Kg2 d5 32. b3 d4
33. Qe4 Kg8 34. Qe5 Bxh6 35. Qxa5 Bf8 36. Re4 Qd6 37. Bb5 Kg7 38. Bc4 Rd7
39. Qe5+ Qxe5 40. Rxe5 h5 41. Kf3 f5 42. Rb5 Kf6 43. Rb6+ Bd6 44. b4 g5 45.
b5 Ke5 46. Ra6 Rb7 47. Ra8 Bb8 48. Ra6 1/2-1/2

[Event "38th Olympiad"]
[Site "Dresden GER"]
[Date "2008.11.23"]
[Round "10"]
[White "Mitkov,N1"]
[Black "Kalezic,B"]
[Result "0-1"]
[WhiteElo "2556"]
[BlackElo "2448"]
[EventDate "2008.11.13"]

1. e4 e6 2. d4 d5 3. Nc3 a6 4. Nf3 Nf6 5. e5 Nfd7 6. Ne2 c5 7. c3 cxd4 8.
cxd4 Bb4+ 9. Nc3 Nc6 10. Bd3 f6 11. exf6 Nxf6 12. O-O Bd6 13. Bg5 O-O 14.
Re1 Qc7 15. Rc1 Bd7 16. Bb1 Rae8 17. Qd3 Nb4 18. Qd2 Nc6 19. Qd3 Nb4 20.
Qd1 Nc6 21. Ne5 Re7 22. Qd3 Be8 23. Qh3 Qb6 24. Ng4 Qxd4 25. Bxf6 gxf6 26.
Rcd1 Qb4 27. Rxe6 f5 28. Nf6+ Rxf6 29. Rxf6 Qd4 30. Qf3 Qxf6 31. Nxd5 Qe5
32. Nxe7+ Nxe7 33. Qb3+ Kf8 34. Qh3 h5 35. Bd3 Kg7 36. Bf1 Bc5 37. Qf3 Qxb2
38. Qg3+ Kh7 39. Re1 Qf6 40. Qc7 Bc6 41. Bc4 Qh4 42. g3 Qxc4 43. Rxe7+ Bxe7
44. Qxe7+ Kg6 45. Qd6+ Kf7 46. Qc7+ Ke6 47. Qc8+ Kd6 48. Qf8+ Ke5 0-1

[Event "38th Olympiad"]
[Site "Dresden GER"]
[Date "2008.11.23"]
[Round "10"]
[White "Leyva,H"]
[Black "Rahman,Zia"]
[Result "0-1"]
[WhiteElo "2399"]
[BlackElo "2510"]
[EventDate "2008.11.13"]

1. d4 e6 2. c4 b6 3. a3 f5 4. Nc3 Nf6 5. d5 Ba6 6. Qa4 exd5 7. cxd5 Bc5 8.
g3 O-O 9. Bg2 Bb7 10. Nh3 a5 11. O-O Na6 12. Bf4 Qe8 13. Qc4 Kh8 14. Na4 d6
15. Nc3 h6 16. Rab1 g5 17. Bxg5 hxg5 18. Nxg5 Qh5 19. Ne6 Ng4 20. h3 Ne5
21. Qa4 Rg8 22. Nf4 Qh6 23. e3 Bc8 24. Qc2 Bd7 25. Nce2 b5 26. Qd2 b4 27.
Nd4 Bb6 28. Rbc1 bxa3 29. bxa3 Nc5 30. Rb1 Ne4 31. Qc2 Rg7 32. Nde6 Bxe6
33. dxe6 Qh7 34. Rb3 Re8 35. Qb2 Nc5 36. Rb5 Ned3 37. Nxd3 Nxd3 38. Qf6 Nc5
39. Bd5 Qg6 40. Qh4+ Rh7 41. Qd4+ Qg7 42. Qf4 Qf6 43. Kg2 Nd3 44. Qa4 Ree7
45. Rfb1 Qh6 46. h4 Nc5 47. Qc2 Qf6 48. Kf1 Qe5 49. Ba2 Rhg7 50. Rd1 Rxe6
51. Bxe6 Qxe6 52. Qd2 f4 53. gxf4 Qh3+ 54. Ke2 Qg4+ 55. Kf1 Ne4 0-1

[Event "38th Olympiad"]
[Site "Dresden GER"]
[Date "2008.11.23"]
[Round "10"]
[White "Minhazuddin,A"]
[Black "Martinez,Ne"]
[Result "1-0"]
[WhiteElo "2377"]
[BlackElo "2149"]
[EventDate "2008.11.13"]

1. e4 c5 2. Nf3 d6 3. d4 cxd4 4. Nxd4 Nf6 5. Nc3 a6 6. a4 b6 7. f4 e6 8.
Bd3 Qc7 9. Qf3 Bb7 10. O-O Nbd7 11. Bd2 Be7 12. Rae1 O-O 13. Qh3 Qc5 14.
Be3 Qh5 15. Qxh5 Nxh5 16. g4 Nhf6 17. g5 Ne8 18. f5 e5 19. f6 Bxf6 20. gxf6
exd4 21. fxg7 Nxg7 22. Bxd4 Ne6 23. Be3 Ndc5 24. Bh6 Nxd3 25. cxd3 Rfd8 26.
Nd5 Bxd5 27. exd5 Nf8 28. Re7 Ng6 29. Rexf7 Ne5 30. Rg7+ Kh8 31. d4 Nd3 32.
Rg3 Rg8 33. b3 Rxg3+ 34. hxg3 Rg8 35. Kg2 Nb4 36. Rf6 Rg6 37. Rf8+ Rg8 38.
Kf3 Nxd5 39. Ke4 Nc3+ 40. Kf5 Ne2 41. d5 Nxg3+ 42. Ke6 Ne4 43. Kf7 Rxf8+
44. Kxf8 1-0

[Event "38th Olympiad"]
[Site "Dresden GER"]
[Date "2008.11.23"]
[Round "10"]
[White "Samakov,N"]
[Black "Saeheng,B"]
[Result "1-0"]
[WhiteElo "2340"]
[BlackElo "2314"]
[EventDate "2008.11.13"]

1. e4 c5 2. Nf3 d6 3. d4 cxd4 4. Nxd4 Nf6 5. Nc3 a6 6. Be2 e5 7. Nf3 Be7 8.
O-O O-O 9. Bg5 Nbd7 10. Bc4 b5 11. Bb3 Bb7 12. Bxf6 Nxf6 13. Qd3 Rc8 14. a3
Rxc3 15. Qxc3 Nxe4 16. Qe3 Nc5 17. Ba2 a5 18. Rfd1 Qc7 19. Bd5 Bc8 20. b4
Ne6 21. bxa5 Qxa5 22. c4 bxc4 23. Bxc4 Nf4 24. a4 Bb7 25. Rdb1 Bc6 26. Bb5
Ba8 27. Bf1 Nd5 28. Qd2 Qa7 29. a5 Nf6 30. Qe3 Qd7 31. a6 Ng4 32. Qe2 e4
33. Nd4 Bf6 34. Rd1 Be5 35. h3 Nf6 36. Qb5 Qa7 37. Ra4 e3 38. fxe3 Ne4 39.
Ra3 Qe7 40. Qe2 Ng3 41. Qf2 Ne4 42. Qc2 g6 43. Bd3 Nc5 44. Nf3 Bg7 45. Bc4
Be4 46. Qa2 Bh6 47. Bd5 Qa7 48. Nd4 Bxd5 49. Qxd5 Re8 50. Nb5 Qe7 51. a7
Bxe3+ 52. Kh1 Ne4 53. Rxe3 Nf2+ 54. Kh2 Qxe3 55. a8=Q Nxd1 56. Qa4 Qe1 57.
Qaxd1 1-0

[Event "38th Olympiad"]
[Site "Dresden GER"]
[Date "2008.11.23"]
[Round "10"]
[White "Pornariyasombat,A"]
[Black "Takyrbashev,B"]
[Result "1/2-1/2"]
[WhiteElo "2173"]
[BlackElo "2142"]
[EventDate "2008.11.13"]

1. e4 c5 2. Nc3 e6 3. f4 d5 4. Nf3 Nf6 5. Bb5+ Bd7 6. Bxd7+ Qxd7 7. Qe2 Nc6
8. d3 Be7 9. O-O d4 10. Nd1 O-O 11. a4 a6 12. Nf2 b5 13. b3 Rac8 14. g4 Ne8
15. Kh1 f5 16. gxf5 exf5 17. e5 Nc7 18. Bd2 Ne6 19. Nh3 Qd5 20. Qg2 g6 21.
Nh4 Qxg2+ 22. Nxg2 b4 23. Rae1 Kf7 24. Re2 c4 25. bxc4 h6 26. Rb1 a5 27.
Ne1 g5 28. fxg5 hxg5 29. Ng2 Rh8 30. Nf2 Rh5 31. Kg1 Nc5 32. h4 gxh4 33.
Nf4 Rh6 34. N2h3 Rg8+ 35. Kh2 Nxa4 36. Rf1 Nc3 37. Ree1 Ke8 38. Nd5 Rhg6
39. Nhf4 Rg3 40. Rf2 a4 41. Nh5 Kd8 42. Bf4 Bg5 43. Nxg3 Bxf4 44. Rxf4
hxg3+ 45. Kg2 Re8 46. Rxf5 b3 47. cxb3 axb3 48. Rf6 Rxe5 49. Rd6+ Ke8 50.
Rxe5+ Nxe5 51. Re6+ Kd7 52. Rxe5 b2 53. Re1 Kd6 54. Nf4 b1=Q 55. Rxb1 Nxb1
56. Kf3 Na3 57. Ke4 Nc2 1/2-1/2

[Event "38th Olympiad"]
[Site "Dresden GER"]
[Date "2008.11.23"]
[Round "10"]
[White "Villamayor,B"]
[Black "Belkhodja,S"]
[Result "1/2-1/2"]
[WhiteElo "2468"]
[BlackElo "2476"]
[EventDate "2008.11.13"]

1. c4 Nf6 2. Nc3 g6 3. Nf3 Bg7 4. d4 O-O 5. Bf4 c5 6. d5 d6 7. e4 a6 8. a4
Qa5 9. Bd3 Bg4 10. O-O Nbd7 11. Bd2 Ne5 12. Ne2 Qc7 13. Nxe5 dxe5 14. a5
Ne8 15. f3 Bd7 16. Be3 b5 17. axb6 Qxb6 18. Qc2 Qc7 19. Rfb1 a5 20. b4 cxb4
21. Rxb4 e6 22. Rbb1 exd5 23. Bb6 Qd6 24. c5 Qe7 25. c6 Be6 26. Qc5 Qxc5+
27. Bxc5 Nf6 28. Bxf8 Bxf8 29. Rb7 Rc8 30. c7 dxe4 31. fxe4 Bd6 32. Rc1 Ne8
33. Bc4 Bxc4 34. Rxc4 Rxc7 35. Rcxc7 Nxc7 36. Nc3 Ne6 37. Kf2 Bc5+ 38. Ke2
Kg7 39. g3 h5 40. Na4 Bg1 41. h4 g5 42. Rb1 Nd4+ 43. Kf1 Be3 44. hxg5 Kg6
45. Nb6 Ne6 46. Nc4 Bd4 47. Rb5 Kxg5 48. Nxe5 Bxe5 49. Rxe5+ Kg4 50. Kg2 h4
51. gxh4 Nf4+ 52. Kf1 a4 53. Ra5 Kxh4 54. Kf2 Kg4 55. Ke3 Ne6 56. Rf5 Ng5
57. Rf1 a3 58. Rg1+ Kh4 59. e5 a2 60. Ra1 Kg4 61. Kd4 Kf4 62. Rxa2 Nf3+ 63.
Kd5 1/2-1/2

[Event "38th Olympiad"]
[Site "Dresden GER"]
[Date "2008.11.23"]
[Round "10"]
[White "Gonzales,Jay"]
[Black "Bouaziz,M"]
[Result "1-0"]
[WhiteElo "2469"]
[BlackElo "2203"]
[EventDate "2008.11.13"]

1. d4 Nf6 2. Bf4 d6 3. e3 g6 4. Nf3 Nh5 5. Bg5 h6 6. Bh4 g5 7. Nfd2 Ng7 8.
Bg3 Nf5 9. Be2 Nxg3 10. hxg3 Bg7 11. c3 e5 12. d5 a5 13. g4 Na6 14. Ne4 Bd7
15. a4 Nc5 16. Nxc5 dxc5 17. Nd2 Qe7 18. Qb3 b6 19. Ne4 O-O 20. Rh5 Rfd8
21. O-O-O Qe8 22. Rdh1 Bxa4 23. Qa2 Rd6 24. Nxd6 cxd6 25. Rxh6 Bxh6 26.
Rxh6 Rd8 27. b3 Bb5 28. c4 Ba6 29. Qc2 b5 30. Qh7+ Kf8 31. Qh8+ 1-0

[Event "38th Olympiad"]
[Site "Dresden GER"]
[Date "2008.11.23"]
[Round "10"]
[White "Meddeb,A"]
[Black "Gomez,Joh"]
[Result "0-1"]
[WhiteElo "2071"]
[BlackElo "2519"]
[EventDate "2008.11.13"]

1. e4 e6 2. d4 d5 3. e5 c5 4. c3 Nc6 5. Nf3 Bd7 6. Be2 Nge7 7. O-O Ng6 8.
Be3 Be7 9. Re1 O-O 10. Nbd2 Rc8 11. Rc1 c4 12. Nf1 b5 13. Ng3 b4 14. Qd2
Qa5 15. Nh5 Rfd8 16. Bh6 Bf8 17. Nf6+ Kh8 18. Ng5 gxf6 19. exf6 e5 20.
Nxf7+ Kg8 21. Nxe5 Ncxe5 22. dxe5 bxc3 23. bxc3 Be6 24. Bh5 Qc7 25. Qg5 Kh8
26. Bxg6 hxg6 27. Qxg6 Bxh6 28. Qxh6+ Qh7 29. Qf4 Rg8 30. Re3 Rg4 31. Qf3
Rcg8 32. g3 Rh4 33. Qg2 d4 34. cxd4 Rxd4 35. Qc6 Bd5 36. Qc5 Qh3 37. Qxd5
Rxd5 38. f7 Rgd8 39. e6 Rd1+ 0-1

[Event "38th Olympiad"]
[Site "Dresden GER"]
[Date "2008.11.23"]
[Round "10"]
[White "Amir,K"]
[Black "Berend,F"]
[Result "0-1"]
[WhiteElo "2265"]
[BlackElo "2345"]
[EventDate "2008.11.13"]

1. d4 d6 2. c4 e5 3. Nf3 e4 4. Nfd2 Nf6 5. e3 Bf5 6. Nc3 Qe7 7. Be2 h5 8.
Qa4+ c6 9. b4 g6 10. b5 Bg7 11. bxc6 bxc6 12. Nd5 Qd8 13. Rb1 Nfd7 14. Nc3
O-O 15. Rb7 c5 16. Rxa7 Nb6 17. Qa3 Rxa7 18. Qxa7 cxd4 19. Ncxe4 dxe3 20.
fxe3 Nc6 21. Qb7 Na5 22. Qa6 Bxe4 23. Nxe4 Qh4+ 24. Ng3 Bc3+ 25. Kf2 Naxc4
26. Rd1 Ra8 27. Qb5 Rxa2 28. Qb3 Rxe2+ 29. Kxe2 Qxh2 30. Kf2 Be5 31. Nf1
Qh4+ 32. Kg1 Qg4 33. Re1 d5 34. Qd1 Qh4 35. Qe2 Bd6 36. Qf2 Qe7 37. Nd2 Ne5
38. Nf3 Nd3 39. Qd2 Nxe1 40. Qxe1 Nc4 41. Qc3 Bc5 42. Kf2 Qb7 43. Qf6 Bf8
44. Ke2 Be7 45. Qd4 Qb5 46. Kf2 Nd6 47. Nd2 Nf5 48. Qe5 Bd6 49. Qc3 Qc5 50.
Nb1 Ng3 51. Qxc5 Ne4+ 52. Kf3 Bxc5 53. Bb2 Bb4 54. Kf4 f6 55. Ba3 Ba5 56.
Bb2 Kf7 57. Na3 Nd2 58. Nb5 Nc4 59. Bd4 Ke6 60. Bc5 g5+ 61. Kf3 Nd2+ 62.
Ke2 Ne4 63. Nd4+ Kf7 64. Ba7 Bc7 65. Nc6 Bd6 66. Bb6 Kg6 67. Nd4 g4 68. Nb5
h4 69. Bc7 Be5 70. Bxe5 fxe5 71. Nc7 Nc3+ 72. Kf1 Kf5 73. Ne8 Nb5 74. Kf2
Kg6 0-1

[Event "38th Olympiad"]
[Site "Dresden GER"]
[Date "2008.11.23"]
[Round "10"]
[White "Bakalarz,M"]
[Black "Waqar,M"]
[Result "1/2-1/2"]
[WhiteElo "2330"]
[BlackElo "2207"]
[EventDate "2008.11.13"]

1. e4 c5 2. c3 d6 3. d4 Nd7 4. d5 g6 5. Nf3 Bg7 6. Be2 Ngf6 7. Qc2 O-O 8.
a4 a6 9. a5 b5 10. axb6 Qxb6 11. Na3 Qc7 12. Nc4 Nb6 13. Nfd2 Nxc4 14. Nxc4
a5 15. O-O Bd7 16. Bf4 Rfb8 17. Ra3 a4 18. Re1 Rb7 19. e5 Ne8 20. Bd3 Rab8
21. exd6 exd6 22. h3 Bf8 23. Qe2 Bb5 24. Ra2 Qd8 25. Qf3 Qd7 26. Re2 Nc7
27. Na5 Rb6 28. c4 Ra6 29. Bd2 Rba8 30. cxb5 Rxa5 31. Bxa5 Rxa5 32. b6 Nb5
33. Bxb5 Qxb5 34. Qe4 Qxb6 35. Qe8 Qb3 36. Ra3 Qxd5 37. Kh2 Ra8 38. Qe4
Qxe4 39. Rxe4 Bg7 40. b3 Bd4 41. Re2 Ra5 42. f4 Rb5 43. bxa4 Ra5 44. Re8+
Kg7 45. Rb8 c4 46. Rb5 Ra6 47. Kg3 c3 48. Ra2 Rc6 49. Rc2 Rc4 50. a5 Kf6
51. Kf3 Bc5 52. g3 Ke6 53. a6 Ra4 54. Rxc3 Rxa6 55. Rb7 h5 56. g4 hxg4+ 57.
hxg4 Ra1 58. Rc2 Rf1+ 59. Kg3 Rg1+ 60. Rg2 Re1 61. Rbb2 Re3+ 62. Kh4 Re4
63. Rge2 Be3 64. Rb5 d5 65. Rb8 g5+ 66. fxg5 Ke7 67. Rb3 Bxg5+ 68. Kxg5
Rxe2 69. Kf5 Kd6 70. Rb8 Rf2+ 71. Kg5 d4 72. Rd8+ Ke5 73. Kh4 Ke4 74. Re8+
Kf4 75. Kh3 d3 76. Re7 f6 77. Re6 Kg5 78. Rd6 Rd2 79. Kg3 Rd1 80. Rd5+ Kg6
81. Kf2 Kh6 82. Ke3 Rg1 83. Kf2 Rd1 84. Ke3 Kg6 85. Kf2 Kh6 86. Ke3 Kg6 87.
Kf2 Kf7 88. Ke3 Kg6 89. Rd4 Rh1 1/2-1/2

[Event "38th Olympiad"]
[Site "Dresden GER"]
[Date "2008.11.23"]
[Round "10"]
[White "Gengler,P"]
[Black "Ahmed,Has"]
[Result "0-1"]
[WhiteElo "2200"]
[BlackElo "2253"]
[EventDate "2008.11.13"]

1. e4 c6 2. d4 d5 3. e5 Bf5 4. Be3 e6 5. Nd2 c5 6. Ngf3 Qb6 7. dxc5 Bxc5 8.
Bxc5 Qxc5 9. c3 Nc6 10. Nb3 Qb6 11. Nfd4 Bg6 12. Nxc6 bxc6 13. Qd4 Ne7 14.
Qxb6 axb6 15. Nd4 Kd7 16. Be2 f6 17. exf6 gxf6 18. f4 c5 19. Nf3 Be4 20.
Nh4 Kc6 21. Kf2 Ra4 22. Bf3 Bxf3 23. Kxf3 e5 24. g3 e4+ 25. Ke3 Rha8 26. a3
f5 27. Rhd1 Kd6 28. h3 h5 29. Rd2 Ke6 30. Rg1 Rg8 31. g4 hxg4 32. hxg4 d4+
33. cxd4 Nd5+ 34. Kf2 e3+ 35. Ke2 exd2 36. gxf5+ Kf7 37. Ng6 Rxd4 38. Rd1
Re8+ 39. Ne5+ Kf6 40. Rh1 Nxf4+ 0-1

[Event "38th Olympiad"]
[Site "Dresden GER"]
[Date "2008.11.23"]
[Round "10"]
[White "Khouseinov,R"]
[Black "Samhouri,B"]
[Result "1-0"]
[WhiteElo "2348"]
[BlackElo "2205"]
[EventDate "2008.11.13"]

1. f4 d5 2. Nf3 c5 3. b3 e6 4. Bb2 f6 5. e3 Bd6 6. c4 Ne7 7. Na3 Nbc6 8.
Be2 d4 9. O-O O-O 10. Nb5 Bb8 11. Bd3 a6 12. Na3 Nb4 13. Ne1 e5 14. Nac2
Nbc6 15. f5 g6 16. e4 Bd6 17. g3 g5 18. Be2 Bd7 19. d3 Nc8 20. Ng2 h6 21.
h4 Kg7 22. Kf2 Rh8 23. Rh1 N8a7 24. Rh2 Qe7 25. Bh5 Be8 26. Bxe8 Qxe8 27.
Qe2 Qf7 28. Rah1 Rag8 29. Bc1 Be7 30. Na3 Nc8 31. Nb1 Nb6 32. Nd2 Nd7 33.
Nf1 Ncb8 34. Ke1 Nc6 35. Kd1 Ncb8 36. Rh3 Nc6 37. Nh2 Ncb8 38. Ng4 h5 39.
hxg5 hxg4 40. Qxg4 fxg5 41. Bxg5 1-0

[Event "38th Olympiad"]
[Site "Dresden GER"]
[Date "2008.11.23"]
[Round "10"]
[White "Rimawi,B"]
[Black "Isaev,J"]
[Result "0-1"]
[WhiteElo "2221"]
[BlackElo "2400"]
[EventDate "2008.11.13"]

1. e4 c5 2. Nf3 Nc6 3. d4 cxd4 4. Nxd4 Nf6 5. Nc3 e5 6. Ndb5 d6 7. Bg5 a6
8. Na3 b5 9. Bxf6 gxf6 10. Nd5 Bg7 11. c3 f5 12. exf5 Bxf5 13. Nc2 O-O 14.
Nce3 Be6 15. Bd3 f5 16. Qh5 e4 17. Bc2 Ne7 18. Nf4 Bf7 19. Bb3 d5 20. Qg5
h6 21. Qh4 b4 22. O-O a5 23. Rad1 a4 24. Nexd5 Nxd5 25. Qxd8 Rfxd8 26. Bxd5
Bxd5 27. Rxd5 a3 28. bxa3 bxc3 29. Rc1 Rdc8 30. Rc2 Rab8 31. Rd1 Rb2 32.
Rdc1 Rd8 33. Kf1 Be5 34. g3 Rd1+ 35. Rxd1 Rxc2 36. Nd5 Rxa2 37. Rc1 Bd4 38.
Nxc3 Rxf2+ 39. Ke1 Rxh2 40. Ne2 Be3 41. Rc8+ Kf7 42. Kf1 h5 43. Rc3 Bd2 44.
Rc5 Kg6 45. Rc2 e3 46. Rc6+ Kg5 47. Nd4 Rf2+ 48. Kg1 e2 49. Nxe2 Rxe2 50.
Rc8 Kg4 0-1